| 000 | 00840nam a2200241Ia 4500 | ||
|---|---|---|---|
| 999 |
_c41534 _d41534 |
||
| 001 | 8201 | ||
| 003 | GE_BSU | ||
| 005 | 20221005102830.0 | ||
| 008 | 181216s2005ge xx |||||||||||||| ||geo|| | ||
| 020 | _a99940298657. | ||
| 040 | _cGE_BSU | ||
| 041 | _ageo | ||
| 080 | _a821.353.1-32 დ-90 | ||
| 100 |
_aდუმბაძე, ნოდარ. _91321 |
||
| 245 |
_aკუკარაჩა: _bმოთხრობები / _cნოდარ დუმბაძე, რედ. დავით აბულაძე. |
||
| 260 | _c. | ||
| 264 |
_aთბილისი : _bსაარი. _c2005 |
||
| 300 |
_a143 გვ .: _b19 სმ. |
||
| 653 | _aკუკარაჩა | ||
| 653 | _aმოთხრობები | ||
| 700 |
_aაბულაძე, დავით _eრედაქტორი _915045 |
||
| 942 |
_cBK _2udc |
||